000 00668cam a2200229 4500
008 090401t1991 xxu||||| |||| 00| 0 eng d
020 _a0854065016
035 _a(Sirsi) u53570
041 _aeng
050 _a711.7
090 _aRICS 1991/21ABCD
110 _aRoyal Institution of Chartered Surveyors
_bPlanning and Development Division
_9956
245 _aShaping Britain for the 21st century: a land-use and transport planning strategy. A discussion paper...
260 _aLondon
_bRICS
_c1991
300 _a34p.; 30cm.
350 _a10
650 _aLand use
_96251
650 _aPLANNING
650 _aTRANSPORT
942 _n0
948 _c04/03/1997
999 _c93297
_d93297